000 00832nam a2200229Ia 4500
003 Ost
005 20260507075644.0
008 260507s9999||||xx |||||||||||||| ||und||
040 _cfsecg
041 _aara
082 _a348.01
100 _aحمادة، محمد أنور
_eمؤلف
245 0 _aالقرارات الإدارية ورقابة القضاء /
_c محمد أنور حمادة
260 _aالإسكندرية:
_bدار الفكر الجامعي,
_c2004
300 _a195 صفحة؛
_bإيضاحات ؛
_c24 سم
520 _aالقرارات الإدارية، الرقابة القضائية على القرارات الإدارة
653 _aالإدارة
653 _aالرقابة القضائية
653 _aالقرارات الإدارية
653 _aالقضاء
942 _cكتاب
999 _c45455
_d45455